Pernštejnové ve 13.-14. století

Titel: Pernštejnové ve 13.-14. století / Jaroslav Teplý
Verfasser:
Veröffentlicht: Pardubice : Východočeské muzeum, 1996
Umfang: 88 S. : Ill., Kt.
Format: Buch
Sprache: Tschechisch
Schlagworte:
ISBN: 8086046001
Buchumschlag
X
Lokale Klassifikation: 2 P 1370
alg: 6023006
001A    $03004:21-10-98 
001B    $03025:12-02-26 $t15:35:12.000 
001C    $06002:02-03-06 $t11:22:04.000 
001D    $09999:99-99-99 
001U    $0utf8 
001X    $00 
002@    $0Aau 
003@    $0060230061 
003O    $036704877 $aOCoLC 
004A    $080-86046-00-1 
007A    $0060230061 $aHEB 
007T    $0Herdp02972 
010@    $acze 
011@    $a1996 
021A    $aPernštejnové ve 13.-14. století $hJaroslav Teplý 
028A    $7 $8Teplý, Jaroslav [Tnd] $9146870484 
033A    $pPardubice $nVýchodočeské muzeum 
034D    $a88 S. 
034M    $aIll., Kt. 
044K    $#Pernštejna  $#Pernštejnové  $7119462885 $8$PPernstein$cvon$lFamilie : 1100-1631 [Tp1] $9087802600 
045F    $a929.094371 $eDDC23BSB 
045F/01 $a929 
045F/03 $g4371 
046M    $aZsfassung in dt. Sprache u.d.T.: Die Herren von Pernstein im 13. und 14. Jahrhundert 

lok: 6023006 24
101B    $005-12-02 $t19:55:23.565 
101C    $021-10-98 
145Z/01 $a2 P 1370 
101U    $0utf8 

exp: 6023006 24 1 #EPN
201B/01 $021-12-02 $t13:58:48.000 
201C/01 $021-10-98 
203@/01 $0124985564 
208@/01 $a21-10-98 $br 
209A/01 $a98.2365 $du $f050 $h98 2365 $x00 
209C/01 $a98.2365 T $h98 2365 T 
209G/01 $a70285410 $x00 
247C/01 $8358050-7 Marburg, Bibliothek des Herder-Instituts Marburg $9102600961 
201U/01 $0utf8 

lok: 6023006 78

exp: 6023006 78 1 #EPN
201B/01 $002-07-21 $t00:07:02.000 
201U/01 $0utf8 
203@/01 $0792040120 
208@/01 $a12-11-16 $be 
209A/01 $a/ $f000 $x00 
220C/01 $aHerkunft: Hú Av Čr Praha 
237A/01 $aněm. res.: Die Herren von Pernstein im 13. und 14. Jahrhundert 
244Z/01 $#Tschechien $#Tschechische Republik $#Tschechien $#Tschechische Republik $#Tschechenland $#Tschechei Tschechien $#Česká Republika $#Czech Republic $#ČR $74303381-7 $8--Tg1--Tschechien $x01 $9086659812 
244Z/01 $2Trx $#Böhmen $#Bohemia $#Czechy $8--Trx--Čechy $x02 $9391188941 
244Z/01 $2Trx $#Doubrawnik Saar a. d. S. $8--Trx--Doubravník$gŽďár nad Sázavou $x03 $9391146068 
244Z/01 $#Bystřice nad Pernštýnem $#Bistritz ob Pernstein $71029174261 $8--Tg1--Bystřice nad Pernštejnem $x04 $9314588752 
244Z/01 $#Pernštejn $#Pernštejn Nedvědice $77751236-4 $8--Tg1--Pernstein $x05 $9267946317 
244Z/01 $2Trx $#Zubštejn Saar a.d. Sazawa $#Zubrštejn; Lapis;Kámen $8--Trx--Zubštejn$gŽďár nad Sázavou, hrad $x06 $9391316532 
244Z/01 $2Trx $#Auersberg Saar a.d. Sazawa $8--Trx--Aueršperk$gŽďár nad Sázavou, hrad $x07 $9391194534 
244Z/01 $2Trx $#Pyšolec Saar a.d. Sazawa $8--Trx--Pyšolec$gŽďár nad Sázavou, hrad $x08 $9391194526 
244Z/01 $2Trx $#Dalečin Saar a.d. Sazawa $#Dalečín hrad $8--Trx--Dalečín$gŽďár nad Sázavou $x09 $9391145053 
244Z/01 $2Trx $#Ingrowitz Saar an der Sazawa $8--Trx--Jimramov$gŽďár nad Sázavou $x10 $9391304348 
244Z/01 $2Trx $#Skály Saar a.d. Sazawa $8--Trx--Skály$gŽďár nad Sázavou, hrad $x11 $9391324195 
244Z/01 $#Pernštejna  $#Pernštejnové  $7119462885 $8--Tp1--$PPernstein$cvon$lFamilie : 1100-1631 $x12 $9087802600 
244Z/01 $2Trx $8--Trx--$PJakubova z$lFamilie $x13 $9390870285 
244Z/01 $2Trx $8--Trx--$PMedlova z$lFamilie $x14 $939086112X 
244Z/01 $2Trx $#perekonnad ja sugupõlved $#giminės ir šeimos $#Families and Noble Houses $#családok és nemek $#rody i rodziny $#rodiny a rody $#rodiny a rody $#Geschlechter $#Noble Houses $#rody $#rody $#rody $8--Trx--Familien und Geschlechter $x15 $9391371916 
244Z/01 $2Trx $8--Trx--Monographie $x16 $9391384546 
245Z/01 $a12.02 $x01 
247C/01 $82080>Marburg/Lahn, Herder-Institut, Forschungsbibliothek, Bibliographieportal $9336309341
LEADER 00000cam a2200000 c 4500
001 060230061
003 DE-603
005 20260212153512.0
007 tu
008 981021s1996 xx |||| | u00||u|cze c
020 |a 8086046001 
035 |a (DE-599)HEB060230061 
035 |a (OCoLC)36704877 
040 |a DE-603  |b ger  |c DE-603  |d DE-603 
041 |a cze 
082 0 4 |8 1\u  |a 929.094371  |q DE-101  |2 23/BSB 
085 |8 1\u  |b 929 
085 |8 1\u  |z 2  |s 4371 
100 1 |a Teplý, Jaroslav  |0 (DE-603)146870484 
245 0 0 |a Pernštejnové ve 13.-14. století  |c Jaroslav Teplý 
264 1 |a Pardubice  |b Východočeské muzeum  |c 1996 
300 |a 88 S.  |b Ill., Kt. 
500 |a Zsfassung in dt. Sprache u.d.T.: Die Herren von Pernstein im 13. und 14. Jahrhundert 
600 3 7 |a Pernstein von  |c Familie : 1100-1631  |0 (DE-588)119462885  |0 (DE-603)087802600  |2 gnd 
924 0 |9 Mb 50  |a (DE-603)124985564  |b DE-Mb50  |c HES  |d c  |g 98.2365 
924 0 |9 2080  |a (DE-603)792040120  |b DE-2080  |c HES  |d d  |g /